| 000 | 00565nam a22002177a 4500 | ||
|---|---|---|---|
| 003 | OSt | ||
| 005 | 20251014121609.0 | ||
| 008 | 160425b xxu||||| |||| 00| 0 eng d | ||
| 020 | _a0851989683 | ||
| 040 | _cDNLM | ||
| 082 | _aQX650 M467d 1995 | ||
| 100 |
_aKettle, D.S _98244 |
||
| 245 | _aMedical and Veterinary Entomology | ||
| 250 | _a2nd ed. | ||
| 260 | _aUK; CABI Publishing, 1995 | ||
| 300 | _aviii,725p; ill: 26cm | ||
| 504 | _aReferences, & index included | ||
| 650 |
_aEntomology _9977 |
||
| 650 |
_aVeternary medicine _98245 |
||
| 942 |
_2z _cO_SHELF |
||
| 999 |
_c3735 _d3735 |
||